000 00379nam a22001457a 4500
003 macl
005 20180620162913.0
008 180620b xxu||||| |||| 00| 0 eng d
040 _cmacl
100 _aMazumdar, Rinita
_972762
245 _aA Feminist Manifesto Rape, Reproduction, Revolution
260 _aKolkata
_bAnustup
_c2013
650 _aCrime
_972763
942 _2ddc
_cBK
999 _c58232
_d58232